<?xml version="1.0" encoding="UTF-8"?>
<record
    xmlns:xsi="http://www.w3.org/2001/XMLSchema-instance"
    xsi:schemaLocation="http://www.loc.gov/MARC21/slim http://www.loc.gov/standards/marcxml/schema/MARC21slim.xsd"
    xmlns="http://www.loc.gov/MARC21/slim">

  <leader>00590nam a22001817a 4500</leader>
  <controlfield tag="008">160923b        xxu||||| |||| 00| 0 eng d</controlfield>
  <datafield tag="020" ind1=" " ind2=" ">
    <subfield code="a">0199697403</subfield>
  </datafield>
  <datafield tag="040" ind1=" " ind2=" ">
    <subfield code="a">KABU</subfield>
    <subfield code="c">KABU</subfield>
  </datafield>
  <datafield tag="050" ind1=" " ind2=" ">
    <subfield code="a">QD453.2</subfield>
    <subfield code="b">.A85 2014 </subfield>
  </datafield>
  <datafield tag="100" ind1=" " ind2=" ">
    <subfield code="a">Atkins,Peter</subfield>
  </datafield>
  <datafield tag="245" ind1=" " ind2=" ">
    <subfield code="a">Atkins' physical chemistry/</subfield>
    <subfield code="c">by Peter Atkins and Julio de Paula</subfield>
  </datafield>
  <datafield tag="250" ind1=" " ind2=" ">
    <subfield code="a">10th ed.</subfield>
  </datafield>
  <datafield tag="260" ind1=" " ind2=" ">
    <subfield code="a">UK</subfield>
    <subfield code="b">Oxford university press</subfield>
    <subfield code="c">2014</subfield>
  </datafield>
  <datafield tag="300" ind1=" " ind2=" ">
    <subfield code="a">xxv, 1008 p.</subfield>
  </datafield>
  <datafield tag="650" ind1=" " ind2=" ">
    <subfield code="2">Chemistry, physical and theoretical</subfield>
    <subfield code="v">Textbook</subfield>
  </datafield>
  <datafield tag="700" ind1=" " ind2=" ">
    <subfield code="a">Paula, Julio de</subfield>
  </datafield>
  <datafield tag="942" ind1=" " ind2=" ">
    <subfield code="2">lcc</subfield>
    <subfield code="c">BK</subfield>
    <subfield code="e">10th ed,</subfield>
    <subfield code="h">QD453.3 .A85 2014 C.1</subfield>
  </datafield>
  <datafield tag="999" ind1=" " ind2=" ">
    <subfield code="c">16088</subfield>
    <subfield code="d">16088</subfield>
  </datafield>
  <datafield tag="952" ind1=" " ind2=" ">
    <subfield code="0">0</subfield>
    <subfield code="1">0</subfield>
    <subfield code="2">lcc</subfield>
    <subfield code="7">0</subfield>
    <subfield code="a">KABU</subfield>
    <subfield code="b">KABU</subfield>
    <subfield code="c">GEN</subfield>
    <subfield code="d">2016-09-23</subfield>
    <subfield code="g">15550.00</subfield>
    <subfield code="l">5</subfield>
    <subfield code="m">1</subfield>
    <subfield code="o">QD453.2 .A85 2014 C.1</subfield>
    <subfield code="p">026644</subfield>
    <subfield code="r">2022-05-24 00:00:00</subfield>
    <subfield code="s">2022-05-17</subfield>
    <subfield code="t">C.1</subfield>
    <subfield code="w">2016-09-23</subfield>
    <subfield code="y">BK</subfield>
  </datafield>
  <datafield tag="952" ind1=" " ind2=" ">
    <subfield code="0">0</subfield>
    <subfield code="1">0</subfield>
    <subfield code="2">lcc</subfield>
    <subfield code="7">0</subfield>
    <subfield code="a">KABU</subfield>
    <subfield code="b">KABU</subfield>
    <subfield code="c">GEN</subfield>
    <subfield code="d">2016-09-23</subfield>
    <subfield code="g">15550.00</subfield>
    <subfield code="l">5</subfield>
    <subfield code="o">QD453.2 .A85 2014 C.2</subfield>
    <subfield code="p">026643</subfield>
    <subfield code="r">2018-10-06 00:00:00</subfield>
    <subfield code="s">2018-09-20</subfield>
    <subfield code="t">C.2</subfield>
    <subfield code="w">2016-09-23</subfield>
    <subfield code="y">BK</subfield>
  </datafield>
  <datafield tag="952" ind1=" " ind2=" ">
    <subfield code="0">0</subfield>
    <subfield code="1">0</subfield>
    <subfield code="2">lcc</subfield>
    <subfield code="7">0</subfield>
    <subfield code="a">KABU</subfield>
    <subfield code="b">KABU</subfield>
    <subfield code="c">GEN</subfield>
    <subfield code="d">2016-09-23</subfield>
    <subfield code="g">15550.00</subfield>
    <subfield code="l">5</subfield>
    <subfield code="o">QD453.2 .A85 2014 C.3</subfield>
    <subfield code="p">026645</subfield>
    <subfield code="r">2023-09-26 00:00:00</subfield>
    <subfield code="s">2023-09-12</subfield>
    <subfield code="t">C.3</subfield>
    <subfield code="w">2016-09-23</subfield>
    <subfield code="y">BK</subfield>
  </datafield>
  <datafield tag="952" ind1=" " ind2=" ">
    <subfield code="0">0</subfield>
    <subfield code="1">0</subfield>
    <subfield code="2">lcc</subfield>
    <subfield code="7">0</subfield>
    <subfield code="a">KABU</subfield>
    <subfield code="b">KABU</subfield>
    <subfield code="c">GEN</subfield>
    <subfield code="d">2016-09-23</subfield>
    <subfield code="g">15550.00</subfield>
    <subfield code="l">5</subfield>
    <subfield code="o">QD453.2 .A85 2014 C.4</subfield>
    <subfield code="p">026641</subfield>
    <subfield code="r">2019-11-11 00:00:00</subfield>
    <subfield code="s">2019-11-11</subfield>
    <subfield code="t">C.4</subfield>
    <subfield code="w">2016-09-23</subfield>
    <subfield code="y">BK</subfield>
  </datafield>
  <datafield tag="952" ind1=" " ind2=" ">
    <subfield code="0">0</subfield>
    <subfield code="1">0</subfield>
    <subfield code="2">lcc</subfield>
    <subfield code="7">0</subfield>
    <subfield code="a">KABU</subfield>
    <subfield code="b">KABU</subfield>
    <subfield code="c">GEN</subfield>
    <subfield code="d">2016-09-23</subfield>
    <subfield code="g">15550.00</subfield>
    <subfield code="l">8</subfield>
    <subfield code="m">1</subfield>
    <subfield code="o">QD453.2 .A85 2014 C.5</subfield>
    <subfield code="p">026642</subfield>
    <subfield code="r">2020-08-05 00:00:00</subfield>
    <subfield code="s">2020-07-22</subfield>
    <subfield code="t">C.5</subfield>
    <subfield code="w">2016-09-23</subfield>
    <subfield code="y">BK</subfield>
  </datafield>
</record>
